El diseño de la investigación social: la inferencia científica en los estudios cualitativos
Guardat en:
| Autors principals: | , , |
|---|---|
| Format: | Llibre |
| Idioma: | espanyol |
| Publicat: |
Madrid
Alianza
2000
|
| Col·lecció: | Manuales-Ciencias Sociales
|
| Matèries: | |
| Etiquetes: |
Afegir etiqueta
Sense etiquetes, Sigues el primer a etiquetar aquest registre!
|
MARC
| LEADER | 00000nam a2200000 a 4500 | ||
|---|---|---|---|
| 001 | UCO7034 | ||
| 003 | CL-VaPUC | ||
| 008 | 001103e20000000SP |||||||||||||||||spa|d | ||
| 020 | |a 8420686972 | ||
| 082 | 0 | 4 | |a 300.072 |b KIN |2 21 |
| 100 | 0 | |a King, Gary |e author |9 451666 | |
| 700 | |a Keohane, Robert O |e author |9 555817 | ||
| 700 | 0 | |a Verba, Sidney |e author |9 451668 | |
| 245 | 1 | 3 | |a El diseño de la investigación social: la inferencia científica en los estudios cualitativos |
| 300 | |a 272 p | ||
| 942 | |c BK | ||
| 945 | |d 20001103 00:00:00 |a rbrito | ||
| 260 | |a Madrid |b Alianza |c 2000 | ||
| 650 | 0 | |a Ciencias sociales |v Investigación |9 307767 | |
| 650 | 0 | |a Ciencias sociales |9 256351 | |
| 650 | 7 | |a SOCIOGRAFIA |2 CL-VaPUC |9 427011 | |
| 583 | |a last modification |c 20001103 00:00:00 |k Rodrigo Vera | ||
| 490 | 0 | |a Manuales-Ciencias Sociales | |
| 999 | |c 292253 |d 292251 | ||
| 952 | |0 0 |1 0 |4 0 |6 300_072000000000000_KIN_2000 |7 0 |8 A |9 342985 |a BIBEDU |b BIBEDU |d 2019-11-20 |i 3659143 |o 300.072 KIN 2000 |p 3659143 |r 2019-11-20 |w 2019-11-20 |y BK |k PSI | ||
| 952 | |0 0 |1 0 |4 0 |6 300_072000000000000_KIN_2000 |7 0 |8 A |9 342986 |a BIBEDU |b BIBEDU |d 2019-11-20 |i 4108361 |o 300.072 KIN 2000 |p 4108361 |r 2019-11-20 |w 2019-11-20 |y BK |k PSI | ||